[Event "DVM U16 2010"]
[Site "Naumburg (Saale) GER"]
[Date "2010.12.27"]
[Round "1"]
[White "Bender, Andreas"]
[Black "Braun, Georg"]
[Result "0-1"]
[Termination "normal"]
[Board "1.1"]
[WhiteElo "1874"]
[BlackElo "2073"]
[WhiteTeam "SF 1974 Heinsberg"]
[BlackTeam "SK Bebenhausen"]
[PlyCount "102"]
[WhiteFideId "4675878"]
[BlackFideId "24629383"]
[EventCountry "GER"]
[EventRounds "7"]
[EventType "team-swiss"]
[EventDate "2010.12.26"]

1. d4 Nf6 2. Nf3 g6 3. c4 c5 4. Nc3 cxd4 5. Nxd4 Nc6 6. e4 Nxd4 7. Qxd4 d6 8.
Be2 Bg7 9. O-O O-O 10. Qd3 Be6 11. Be3 Ng4 12. Bxg4 Bxg4 13. f3 Be6 14. Bd4 Qa5
15. Bxg7 Kxg7 16. Qd4+ Kg8 17. Rfe1 Rac8 18. Nd5 Bxd5 19. exd5 Rfe8 20. Re2 Qb4
21. b3 b5 22. Rc2 bxc4 23. bxc4 Rc7 24. Rac1 Rb8 25. h3 Qc5 26. Qxc5 Rxc5 27.
Kf2 Rb4 28. Ke3 Ra5 29. Rd1 Kg7 30. Rdd2 Kf6 31. f4 h5 32. g4 Ra3+ 33. Rd3 Rba4
34. gxh5 gxh5 35. Rxa3 Rxa3+ 36. Ke4 Rxh3 37. c5 dxc5 38. Rxc5 Ra3 39. Rc6+ Kg7
40. Rc2 h4 41. Kf5 Rg3 42. Rh2 h3 43. Rh1 Kh6 44. Ke5 Kh5 45. f5 f6+ 46. Kf4
Kh4 47. Re1 h2 48. Rxe7 Rg4+ 49. Ke3 Kg3 50. Rh7 Rh4 51. Rg7+ Kh3 0-1

[Event "DVM U16 2010"]
[Site "Naumburg (Saale) GER"]
[Date "2010.12.27"]
[Round "1"]
[White "Kaulich, Philipp Theodor"]
[Black "Salzmann, Thomas"]
[Result "0-1"]
[Termination "normal"]
[Board "1.2"]
[WhiteElo "1961"]
[BlackElo "1708"]
[WhiteTeam "SK Bebenhausen"]
[BlackTeam "SF 1974 Heinsberg"]
[PlyCount "90"]
[WhiteFideId "4641582"]
[BlackFideId "12910104"]
[EventCountry "GER"]
[EventRounds "7"]
[EventType "team-swiss"]
[EventDate "2010.12.26"]

1. e4 c5 2. c3 g6 3. d4 cxd4 4. Qxd4 Nf6 5. e5 Nc6 6. Qf4 Nd5 7. Qe4 Qa5 8. b4
f5 9. Qe2 Qc7 10. Nf3 Bg7 11. Qd1 Ndxb4 12. Be2 Nxe5 13. O-O Nxf3+ 14. Bxf3 Nc6
15. Re1 O-O 16. Bg5 e6 17. Na3 Qa5 18. Nc4 Qxc3 19. Rc1 Qd4 20. Qe2 f4 21. g3
fxg3 22. hxg3 d5 23. Nd6 Ne5 24. Bg2 Nd3 25. Rcd1 Qxf2+ 26. Qxf2 Nxf2 27. Rd2
Ng4 28. Be7 Bd7 29. Bxf8 Bxf8 30. Nxb7 Bb4 31. Rde2 Bxe1 32. Rxe1 Kf7 33. Nc5
Nf6 34. Bh3 Re8 35. Rf1 Re7 36. Nd3 Kg7 37. Ne5 Bb5 38. Rb1 a6 39. Bf1 Bxf1 40.
Kxf1 Ne4 41. Kg2 Kf6 42. Nf3 Rc7 43. Rb2 Rc3 44. Re2 g5 45. g4 Ra3 0-1

[Event "DVM U16 2010"]
[Site "Naumburg (Saale) GER"]
[Date "2010.12.27"]
[Round "1"]
[White "Meyers, Mark"]
[Black "Gibicar, Danijel"]
[Result "1/2-1/2"]
[Termination "normal"]
[Board "1.3"]
[WhiteElo "1676"]
[BlackElo "2003"]
[WhiteTeam "SF 1974 Heinsberg"]
[BlackTeam "SK Bebenhausen"]
[PlyCount "139"]
[WhiteFideId "12927716"]
[BlackFideId "24660256"]
[EventCountry "GER"]
[EventRounds "7"]
[EventType "team-swiss"]
[EventDate "2010.12.26"]

1. c4 Nf6 2. Nc3 e6 3. Nf3 Bb4 4. g3 O-O 5. Bg2 d5 6. O-O Nbd7 7. Qb3 Bxc3 8.
dxc3 Qe7 9. Bg5 h6 10. Bh4 g5 11. Nxg5 hxg5 12. Bxg5 Qc5 13. cxd5 exd5 14. Rad1
Qb6 15. Bxd5 Qxb3 16. Bxb3 Ne4 17. Bf4 Ndc5 18. Bxc7 Nxb3 19. axb3 Bh3 20. Rfe1
Rac8 21. Bf4 Be6 22. b4 Rfd8 23. f3 Nf6 24. Bg5 Kg7 25. e4 Kg6 26. h4 Rd7 27.
Rxd7 Nxd7 28. Be3 Ne5 29. Kg2 Nd3 30. Ra1 a6 31. Ra5 Nxb2 32. Bd4 f6 33. f4 Bg4
34. Rd5 Re8 35. e5 fxe5 36. Bxe5 Nc4 37. Kf2 Nxe5 38. fxe5 Be6 39. Rd4 Kf5 40.
g4+ Kxe5 41. Ke3 Rh8 42. g5 Rc8 43. Re4+ Kd6 44. Rd4+ Ke7 45. Kd2 Bf7 46. Re4+
Kf8 47. Rd4 Rc7 48. Rd6 Kg7 49. Kd3 Bh5 50. c4 Rf7 51. Ke4 Be2 52. c5 Bf3+ 53.
Ke5 Rf8 54. Rd3 Bc6 55. h5 Rh8 56. h6+ Kg6 57. Kf4 Rf8+ 58. Kg4 Be4 59. Rd6+
Kh7 60. Kh5 Bf3+ 61. Kh4 Bc6 62. Kg4 Bf3+ 63. Kg3 Bc6 64. Re6 Rf3+ 65. Kh4 Rf4+
66. Kg3 Rf3+ 67. Kh4 Rh3+ 68. Kxh3 Bd7 69. Kg4 Bxe6+ 70. Kf4 1/2-1/2

[Event "DVM U16 2010"]
[Site "Naumburg (Saale) GER"]
[Date "2010.12.27"]
[Round "1"]
[White "Xu, Xianliang"]
[Black "Bodden, Daniel"]
[Result "1-0"]
[Termination "normal"]
[Board "1.4"]
[WhiteElo "1993"]
[BlackElo "1393"]
[WhiteTeam "SK Bebenhausen"]
[BlackTeam "SF 1974 Heinsberg"]
[PlyCount "57"]
[WhiteFideId "4603230"]
[BlackFideId "12910112"]
[EventCountry "GER"]
[EventRounds "7"]
[EventType "team-swiss"]
[EventDate "2010.12.26"]

1. e4 c5 2. Nf3 Nc6 3. c3 Nf6 4. e5 Nd5 5. d4 e6 6. c4 Nb6 7. d5 exd5 8. cxd5
Nxe5 9. Nxe5 Qe7 10. Qe2 Nxd5 11. Nf3 b6 12. a3 Bb7 13. Bd2 Rd8 14. Nc3 Nf6 15.
O-O-O Qxe2 16. Bxe2 Be7 17. Bg5 O-O 18. Bxf6 Bxf6 19. Nd5 Rfe8 20. Nxf6+ gxf6
21. Bb5 a6 22. Bxd7 Re2 23. Bf5 Rxd1+ 24. Rxd1 Rxf2 25. Rd2 Rf1+ 26. Kc2 Bxf3
27. Bd3 Bd1+ 28. Rxd1 Rxd1 29. Kxd1 1-0

[Event "DVM U16 2010"]
[Site "Naumburg (Saale) GER"]
[Date "2010.12.27"]
[Round "1"]
[White "Wiesner, Paula"]
[Black "Konow, Philipp"]
[Result "1/2-1/2"]
[Termination "normal"]
[Board "2.2"]
[WhiteElo "1804"]
[BlackElo "1929"]
[WhiteTeam "Karlsruher SF"]
[BlackTeam "Stader SV"]
[PlyCount "69"]
[WhiteFideId "24654019"]
[BlackFideId "4635230"]
[EventCountry "GER"]
[EventRounds "7"]
[EventType "team-swiss"]
[EventDate "2010.12.26"]

1. d4 d5 2. c4 e6 3. Nc3 c5 4. cxd5 exd5 5. Nf3 Nc6 6. Bf4 Nf6 7. e3 c4 8. Qc2
Bb4 9. Bg5 h6 10. Bxf6 Qxf6 11. a3 Bf5 12. Qa4 Bxc3+ 13. bxc3 a6 14. Be2 O-O
15. O-O Rab8 16. Nd2 b5 17. Qd1 Rfe8 18. Bf3 Be4 19. Bxe4 dxe4 20. f3 Qg5 21.
Qe2 exf3 22. Rxf3 a5 23. Raf1 Rb7 24. e4 Qd8 25. Rg3 Qd6 26. Qg4 f6 27. Qg6 Rf8
28. e5 Nxe5 29. dxe5 Qxd2 30. exf6 b4 31. Qe4 Rc7 32. Qe6+ Kh7 33. Qe4+ Kg8 34.
Qe6+ Kh7 35. Qe4+ 1/2-1/2

[Event "DVM U16 2010"]
[Site "Naumburg (Saale) GER"]
[Date "2010.12.27"]
[Round "1"]
[White "Carmesin, Matthias"]
[Black "Bykov, Ilya"]
[Result "1-0"]
[Termination "normal"]
[Board "2.3"]
[WhiteElo "1862"]
[BlackElo "1478"]
[WhiteTeam "Stader SV"]
[BlackTeam "Karlsruher SF"]
[PlyCount "53"]
[WhiteFideId "4635965"]
[BlackFideId "12918059"]
[EventCountry "GER"]
[EventRounds "7"]
[EventType "team-swiss"]
[EventDate "2010.12.26"]

1. e4 c5 2. Nf3 d6 3. d4 cxd4 4. Nxd4 Nf6 5. Nc3 g6 6. Be3 Bg7 7. f3 O-O 8. Bc4
Bd7 9. Qd2 Nc6 10. O-O-O a6 11. Bb3 Rc8 12. Kb1 Na5 13. h4 Nc4 14. Bxc4 Rxc4
15. h5 b5 16. g4 b4 17. Nce2 a5 18. Bh6 Qc8 19. Bxg7 Kxg7 20. Ng3 Be8 21. hxg6
fxg6 22. Qh6+ Kg8 23. g5 Nh5 24. Nxh5 gxh5 25. Ne6 Rf7 26. g6 Qxe6 27. gxf7+
1-0

[Event "DVM U16 2010"]
[Site "Naumburg (Saale) GER"]
[Date "2010.12.27"]
[Round "1"]
[White "Baum, Felix"]
[Black "Vogt, Marc Jonas"]
[Result "0-1"]
[Termination "normal"]
[Board "2.4"]
[WhiteElo "1414"]
[BlackElo "1632"]
[WhiteTeam "Karlsruher SF"]
[BlackTeam "Stader SV"]
[PlyCount "78"]
[WhiteFideId "12927724"]
[BlackFideId "24695661"]
[EventCountry "GER"]
[EventRounds "7"]
[EventType "team-swiss"]
[EventDate "2010.12.26"]

1. b3 d5 2. Bb2 Nf6 3. f4 c5 4. Nf3 Nc6 5. e3 Bg4 6. Bb5 g6 7. h3 Bd7 8. d3
Qa5+ 9. Nc3 d4 10. Bxc6 Bxc6 11. exd4 cxd4 12. Nxd4 Bxg2 13. Rh2 Bc6 14. Nxc6
bxc6 15. Qd2 Bh6 16. Rf2 Qh5 17. Qe3 O-O 18. Qf3 Qc5 19. Ne4 Nxe4 20. Qxe4 Bg7
21. Bxg7 Kxg7 22. Qc4 Qe3+ 23. Kf1 Qxh3+ 24. Kg1 Qg3+ 25. Kf1 Rac8 26. Qd4+ Kg8
27. Qxa7 Qh4 28. a4 Qh1+ 29. Ke2 Qxa1 30. Qc5 Qf6 31. a5 Rfd8 32. Rf1 Rd5 33.
Qb6 Qe6+ 34. Kd2 Qg4 35. Qb7 Rcd8 36. a6 Qg2+ 37. Kc3 Qxf1 38. a7 Qe1+ 39. Kb2
Ra5 0-1

[Event "DVM U16 2010"]
[Site "Naumburg (Saale) GER"]
[Date "2010.12.27"]
[Round "1"]
[White "Di Capua, Francesco Stefano"]
[Black "Pauly, Carlo"]
[Result "0-1"]
[Termination "normal"]
[Board "3.1"]
[WhiteElo "1747"]
[BlackElo "2077"]
[WhiteTeam "SK Gernsheim"]
[BlackTeam "SF Köln-Mülheim"]
[PlyCount "64"]
[WhiteFideId "24698903"]
[BlackFideId "24673269"]
[EventCountry "GER"]
[EventRounds "7"]
[EventType "team-swiss"]
[EventDate "2010.12.26"]

1. e4 c5 2. Nf3 d6 3. d4 cxd4 4. Nxd4 Nf6 5. Nc3 a6 6. Qf3 e6 7. g4 Nfd7 8. g5
g6 9. Qg3 b5 10. h4 b4 11. Nce2 Bb7 12. Bg2 e5 13. Nb3 a5 14. h5 Bg7 15. hxg6
hxg6 16. Rxh8+ Bxh8 17. Qh3 Bg7 18. Qd3 Nb6 19. Be3 Ba6 20. Bxb6 Qxb6 21. c4
bxc3 22. Qxc3 Nc6 23. Rd1 Bf8 24. Rd5 Rc8 25. Bh3 Rc7 26. Qg3 a4 27. Nd2 Nb4
28. Nc3 Nxd5 29. exd5 Qxb2 30. Nd1 Qxa2 31. Bg2 Qa1 32. f4 Qd4 0-1

[Event "DVM U16 2010"]
[Site "Naumburg (Saale) GER"]
[Date "2010.12.27"]
[Round "1"]
[White "Eigemann, Frederik"]
[Black "Fornoff, Robin"]
[Result "1-0"]
[Termination "normal"]
[Board "3.2"]
[WhiteElo "1973"]
[BlackElo "1663"]
[WhiteTeam "SF Köln-Mülheim"]
[BlackTeam "SK Gernsheim"]
[PlyCount "41"]
[WhiteFideId "24692034"]
[BlackFideId "24698890"]
[EventCountry "GER"]
[EventRounds "7"]
[EventType "team-swiss"]
[EventDate "2010.12.26"]

1. d4 d5 2. c4 dxc4 3. e3 Nf6 4. Bxc4 e6 5. Nc3 a6 6. a3 c5 7. Nf3 Be7 8. O-O
O-O 9. dxc5 Bxc5 10. b4 Bd6 11. Bb2 Qc7 12. Ba2 Rd8 13. Qe2 b5 14. Rac1 Nc6 15.
Bb1 Bb7 16. Ne4 Nxe4 17. Bxe4 f5 18. Bxc6 Bxc6 19. Nd4 Bxh2+ 20. Kh1 Rxd4 21.
exd4 1-0

[Event "DVM U16 2010"]
[Site "Naumburg (Saale) GER"]
[Date "2010.12.27"]
[Round "1"]
[White "Müller, Markus"]
[Black "Eigemann, Julian"]
[Result "0-1"]
[Termination "normal"]
[Board "3.3"]
[WhiteElo "1556"]
[BlackElo "1832"]
[WhiteTeam "SK Gernsheim"]
[BlackTeam "SF Köln-Mülheim"]
[PlyCount "37"]
[WhiteFideId "24660590"]
[BlackFideId "24666599"]
[EventCountry "GER"]
[EventRounds "7"]
[EventType "team-swiss"]
[EventDate "2010.12.26"]

1. d4 Nf6 2. c4 g6 3. Nc3 Bg7 4. e4 d6 5. Be2 O-O 6. g4 c5 7. d5 a6 8. g5 Ne8
9. h4 Bd7 10. Qc2 b5 11. f4 f5 12. h5 b4 13. Nd1 e5 14. hxg6 hxg6 15. Bd3 exf4
16. Qh2 Qxg5 17. Bxf4 Qh5 18. Qxh5 gxh5 19. Bxd6 0-1

[Event "DVM U16 2010"]
[Site "Naumburg (Saale) GER"]
[Date "2010.12.27"]
[Round "1"]
[White "Rahmen, Christian"]
[Black "Hofmann, Christoph"]
[Result "1-0"]
[Termination "normal"]
[Board "3.4"]
[WhiteElo "1507"]
[BlackElo "1640"]
[WhiteTeam "SF Köln-Mülheim"]
[BlackTeam "SK Gernsheim"]
[PlyCount "53"]
[WhiteFideId "12901709"]
[BlackFideId "24698857"]
[EventCountry "GER"]
[EventRounds "7"]
[EventType "team-swiss"]
[EventDate "2010.12.26"]

1. d4 d5 2. e4 dxe4 3. Nc3 Nf6 4. f3 exf3 5. Nxf3 Bg4 6. h3 Bh5 7. g4 Bg6 8.
Ne5 Nd5 9. Qf3 e6 10. g5 Bb4 11. a3 Ba5 12. Bc4 Nxc3 13. Nxg6 Nd5+ 14. b4 Bxb4+
15. axb4 hxg6 16. O-O O-O 17. c3 Nc6 18. b5 Nb8 19. h4 Qd7 20. Ba3 Rc8 21. Rae1
c6 22. bxc6 Nxc6 23. h5 Nd8 24. Bxd5 exd5 25. Re7 Qf5 26. Re8+ Kh7 27. hxg6+
1-0

[Event "DVM U16 2010"]
[Site "Naumburg (Saale) GER"]
[Date "2010.12.27"]
[Round "1"]
[White "Schindlbeck, Tobias"]
[Black "Tran, Duc Cuong"]
[Result "1-0"]
[Termination "normal"]
[Board "4.1"]
[WhiteElo "1910"]
[BlackElo "1958"]
[WhiteTeam "FC Ergolding"]
[BlackTeam "LSV Turm Lippstadt"]
[PlyCount "57"]
[WhiteFideId "24615510"]
[BlackFideId "24689718"]
[EventCountry "GER"]
[EventRounds "7"]
[EventType "team-swiss"]
[EventDate "2010.12.26"]

1. d4 Nf6 2. Nf3 g6 3. c4 Bg7 4. Nc3 O-O 5. Bg5 h6 6. Bh4 d6 7. e3 Nbd7 8. Be2
c6 9. Qc2 e5 10. dxe5 dxe5 11. O-O Re8 12. Nd2 Qc7 13. Rad1 Nh7 14. f3 f5 15.
Bf2 Ndf6 16. c5 Be6 17. Nc4 Nd5 18. Nd6 Red8 19. Bc4 Bf8 20. e4 Nf4 21. Bxe6+
Nxe6 22. exf5 Nxc5 23. Bxc5 Bxd6 24. Bxd6 Rxd6 25. fxg6 Nf6 26. Rxd6 Qxd6 27.
Qb3+ Kh8 28. Qf7 Rg8 29. Ne4 1-0

[Event "DVM U16 2010"]
[Site "Naumburg (Saale) GER"]
[Date "2010.12.27"]
[Round "1"]
[White "Scheer, Maximilian"]
[Black "Oberpriller, Johannes"]
[Result "0-1"]
[Termination "normal"]
[Board "4.2"]
[WhiteElo "1569"]
[BlackElo "1837"]
[WhiteTeam "LSV Turm Lippstadt"]
[BlackTeam "FC Ergolding"]
[PlyCount "58"]
[WhiteFideId "12927732"]
[BlackFideId "1270621"]
[EventCountry "GER"]
[EventRounds "7"]
[EventType "team-swiss"]
[EventDate "2010.12.26"]

1. e4 c5 2. Nc3 g6 3. d3 Bg7 4. Bd2 Nc6 5. f4 d6 6. Nf3 e5 7. fxe5 dxe5 8. Be2
Nge7 9. O-O O-O 10. Qc1 f6 11. Kh1 Nd4 12. Nxd4 cxd4 13. Nb5 a6 14. Na3 Be6 15.
Bh6 Rc8 16. Bxg7 Kxg7 17. Qd2 b5 18. h4 f5 19. h5 f4 20. g4 Ng8 21. Qd1 Qg5 22.
c4 dxc3 23. bxc3 Bxg4 24. Bxg4 Qxg4 25. hxg6 hxg6 26. Qd2 Nf6 27. Rf2 Rh8+ 28.
Rh2 Rxh2+ 29. Qxh2 Rh8 0-1

[Event "DVM U16 2010"]
[Site "Naumburg (Saale) GER"]
[Date "2010.12.27"]
[Round "1"]
[White "Schnurr, Christian"]
[Black "Valledor Pereira, Dominik Damian"]
[Result "1-0"]
[Termination "normal"]
[Board "4.3"]
[WhiteElo "1930"]
[BlackElo "1531"]
[WhiteTeam "FC Ergolding"]
[BlackTeam "LSV Turm Lippstadt"]
[PlyCount "101"]
[WhiteFideId "1270622"]
[BlackFideId "1271860"]
[EventCountry "GER"]
[EventRounds "7"]
[EventType "team-swiss"]
[EventDate "2010.12.26"]

1. e4 c5 2. c3 Nc6 3. d4 cxd4 4. cxd4 d6 5. Nf3 Nf6 6. Nc3 g6 7. Bc4 Bg7 8. Be3
a6 9. O-O O-O 10. a4 Nxe4 11. Nxe4 d5 12. Bd3 dxe4 13. Bxe4 Bg4 14. d5 f5 15.
Bc2 Ne5 16. Rb1 Bxf3 17. gxf3 Kh8 18. Re1 Rc8 19. Kg2 Nc4 20. Bd4 e5 21. Bc3
Qc7 22. Bb3 Qe7 23. Qe2 e4 24. Bxg7+ Kxg7 25. Bxc4 exf3+ 26. Kxf3 Qg5 27. Qe7+
Qxe7 28. Rxe7+ Kf6 29. Re6+ Kg5 30. Bb3 Rfe8 31. Rg1+ Kh6 32. Rxe8 Rxe8 33. d6
Rd8 34. Rd1 Kg5 35. a5 Kf6 36. h4 h6 37. d7 g5 38. Ba4 Ke7 39. Re1+ Kd6 40. Re8
Kc7 41. Rxd8 Kxd8 42. hxg5 hxg5 43. Ke3 Ke7 44. Kd4 f4 45. Ke5 Kd8 46. Kf5 Kc7
47. Kxg5 Kb8 48. d8=Q+ Ka7 49. Kxf4 b6 50. Qxb6+ Ka8 51. Bc6# 1-0

[Event "DVM U16 2010"]
[Site "Naumburg (Saale) GER"]
[Date "2010.12.27"]
[Round "1"]
[White "Barkey, Thies"]
[Black "Schoepe, Tobias"]
[Result "0-1"]
[Termination "normal"]
[Board "4.4"]
[WhiteElo "1447"]
[BlackElo "1840"]
[WhiteTeam "LSV Turm Lippstadt"]
[BlackTeam "FC Ergolding"]
[PlyCount "94"]
[WhiteFideId "12927740"]
[BlackFideId "24692107"]
[EventCountry "GER"]
[EventRounds "7"]
[EventType "team-swiss"]
[EventDate "2010.12.26"]

1. e4 e6 2. d4 d5 3. Nd2 Nf6 4. e5 Nfd7 5. Ngf3 c5 6. Bb5 a6 7. Bxd7+ Bxd7 8.
Nb3 cxd4 9. Nbxd4 Be7 10. Bd2 Nc6 11. c3 O-O 12. h4 f6 13. Bf4 fxe5 14. Nxc6
bxc6 15. Bxe5 Bf6 16. g4 Bxe5 17. Nxe5 Rb8 18. Qe2 c5 19. b3 Qc7 20. Nxd7 Qxd7
21. Qxa6 Rf4 22. Rg1 Qf7 23. Rg2 Re4+ 24. Kf1 Rf8 25. Re1 Qf3 26. Rxe4 Qxe4 27.
Qe2 Qxe2+ 28. Kxe2 Ra8 29. f4 Rxa2+ 30. Kf3 Ra3 31. Re2 Rxb3 32. Re3 Kf7 33.
Ke2 Rb2+ 34. Kf3 Rc2 35. g5 Rd2 36. Kg4 Ra2 37. f5 Ra4+ 38. Kf3 exf5 39. Re5
Ra3 40. Rxd5 Rxc3+ 41. Kf4 Ke6 42. Re5+ Kd6 43. Rxf5 Rc1 44. Ke4 Rc4+ 45. Ke3
Rxh4 46. Rf7 g6 47. Rf6+ Kd5 0-1

[Event "DVM U16 2010"]
[Site "Naumburg (Saale) GER"]
[Date "2010.12.27"]
[Round "1"]
[White "Kazman, Caner"]
[Black "Schmücker, Felix"]
[Result "0-1"]
[Termination "normal"]
[Board "5.2"]
[WhiteElo "1878"]
[BlackElo "2023"]
[WhiteTeam "Empor Berlin"]
[BlackTeam "BSG Chemie Leipzig"]
[PlyCount "96"]
[WhiteFideId "24684953"]
[BlackFideId "12900273"]
[EventCountry "GER"]
[EventRounds "7"]
[EventType "team-swiss"]
[EventDate "2010.12.26"]

1. d4 Nf6 2. c4 e6 3. Nf3 b6 4. Nc3 Bb4 5. e3 Bb7 6. Bd3 O-O 7. a3 Bxc3+ 8.
bxc3 c5 9. O-O Be4 10. Ng5 Bxd3 11. Qxd3 h6 12. Nf3 d6 13. e4 Nc6 14. d5 exd5
15. cxd5 c4 16. Qc2 Na5 17. Nd4 Nb3 18. Nxb3 cxb3 19. Qd3 Re8 20. f3 Nd7 21.
Qb1 Nc5 22. Be3 Qc7 23. Kh1 Rab8 24. Rf2 f5 25. Rb2 fxe4 26. Bxc5 bxc5 27. Rxb3
Rxb3 28. Qxb3 exf3 29. gxf3 Re3 30. Rf1 Qf7 31. Qb8+ Qf8 32. Qxf8+ Kxf8 33. c4
Rxa3 34. Rb1 Rxf3 35. Rb8+ Ke7 36. Rb7+ Kf6 37. Rxa7 Rf4 38. Rd7 Ke5 39. Re7+
Kd4 40. Ra7 Kc3 41. Rxg7 Kxc4 42. Rg6 Kxd5 43. Rxh6 c4 44. Kg2 c3 45. Rh5+ Kc6
46. Rh8 Rc4 47. Rc8+ Kd5 48. Rxc4 Kxc4 0-1

[Event "DVM U16 2010"]
[Site "Naumburg (Saale) GER"]
[Date "2010.12.27"]
[Round "1"]
[White "Hellwig, Tina"]
[Black "Lachmann, Daniel"]
[Result "0-1"]
[Termination "normal"]
[Board "5.3"]
[WhiteElo "1321"]
[BlackElo "1758"]
[WhiteTeam "BSG Chemie Leipzig"]
[BlackTeam "Empor Berlin"]
[PlyCount "82"]
[BlackFideId "24615986"]
[EventCountry "GER"]
[EventRounds "7"]
[EventType "team-swiss"]
[EventDate "2010.12.26"]

1. e4 {[%emt 0:00:00]} e6 2. d4 d5 3. exd5 exd5 4. Nf3 Bd6 5. Nc3 c6 6. Bd3 Ne7
7. O-O O-O 8. Re1 Bf5 9. Bg5 Bxd3 10. Qxd3 Na6 11. a3 Nc7 12. Re2 Ne6 13. Bh4
Nf4 14. Qd2 Nxe2+ 15. Qxe2 Qc7 16. Re1 Nf5 17. Bg3 Bxg3 18. fxg3 Qb6 19. Na4
Nxd4 20. Nxb6 Nxe2+ 21. Rxe2 axb6 22. Kf1 Rfe8 23. Rf2 Re3 24. Re2 Rxe2 25.
Kxe2 Re8+ 26. Kf2 c5 27. c3 f6 28. a4 Kf7 29. Nh4 Ke6 30. g4 g6 31. Ke3 Kd6+
32. Kd3 Re4 33. Nf3 Rxa4 34. h3 b5 35. b3 Ra2 36. g3 c4+ 37. bxc4 bxc4+ 38. Kd4
Rg2 39. g5 Rxg3 40. Ne1 f5 41. Nc2 Rd3# 0-1

[Event "DVM U16 2010"]
[Site "Naumburg (Saale) GER"]
[Date "2010.12.27"]
[Round "1"]
[White "Alcer, Fabian"]
[Black "Schlimpert, Vanessa"]
[Result "1-0"]
[Termination "normal"]
[Board "5.4"]
[WhiteElo "1780"]
[BlackElo "1305"]
[WhiteTeam "Empor Berlin"]
[BlackTeam "BSG Chemie Leipzig"]
[PlyCount "101"]
[WhiteFideId "24693898"]
[EventCountry "GER"]
[EventRounds "7"]
[EventType "team-swiss"]
[EventDate "2010.12.26"]

1. e4 c6 2. d4 d5 3. exd5 cxd5 4. Bd3 Nf6 5. c3 Nc6 6. h3 e6 7. Nf3 Bd6 8. Bg5
Bd7 9. Nbd2 Rc8 10. Rc1 a6 11. Qe2 Qe7 12. Ne5 Rc7 13. Ndf3 b5 14. O-O Na5 15.
b3 Qd8 16. Rfe1 Be7 17. Bf4 Qc8 18. Nxd7 Rxd7 19. Ne5 Rb7 20. b4 Nc4 21. Bxc4
dxc4 22. a4 O-O 23. axb5 axb5 24. Ng4 Qc6 25. Be5 Nxg4 26. Qxg4 f6 27. Bf4 Rf7
28. Qxe6 Qxe6 29. Rxe6 Rf8 30. Bd6 Bxd6 31. Rxd6 Re8 32. Kf1 Kf8 33. Re1 Rxe1+
34. Kxe1 Ke7 35. Ra6 f5 36. Ke2 Kd7 37. Ke3 g6 38. Kf4 Ke7 39. h4 Kf7 40. h5
Rd7 41. Kg5 Rd5 42. hxg6+ hxg6 43. f4 Ke7 44. Kxg6 Kd7 45. Rf6 Ke7 46. Rxf5
Rxf5 47. Kxf5 Kf7 48. g4 Kg7 49. Ke6 Kf8 50. f5 Kg7 51. g5 1-0

[Event "DVM U16 2010"]
[Site "Naumburg (Saale) GER"]
[Date "2010.12.27"]
[Round "1"]
[White "Möhn, Hans"]
[Black "Eichinger, Christoph"]
[Result "1-0"]
[Termination "normal"]
[Board "6.1"]
[WhiteElo "2003"]
[BlackElo "1978"]
[WhiteTeam "SC 1911 Großröhrsdorf"]
[BlackTeam "TSV Kareth-Lappersdorf"]
[PlyCount "65"]
[WhiteFideId "24647837"]
[BlackFideId "1270972"]
[EventCountry "GER"]
[EventRounds "7"]
[EventType "team-swiss"]
[EventDate "2010.12.26"]

1. e4 c5 2. Nf3 Nc6 3. d4 cxd4 4. Nxd4 Nf6 5. Nc3 e5 6. Ndb5 d6 7. Bg5 a6 8.
Na3 b5 9. Nd5 Be7 10. Bxf6 Bxf6 11. c3 Bg5 12. Nc2 O-O 13. a4 bxa4 14. Rxa4 a5
15. Bc4 Rb8 16. b3 Kh8 17. O-O f5 18. exf5 Bxf5 19. f3 Bxc2 20. Qxc2 Ne7 21.
Nxe7 Qb6+ 22. Kh1 Bxe7 23. Qd3 Bd8 24. Qd5 Bc7 25. Rd1 Qe3 26. Qc6 Bb6 27. Bd5
Bc5 28. Rh4 Qxc3 29. Be4 h6 30. Rxh6+ Kg8 31. Bd5+ Rf7 32. Bxf7+ Kxf7 33. Qc7+
1-0

[Event "DVM U16 2010"]
[Site "Naumburg (Saale) GER"]
[Date "2010.12.27"]
[Round "1"]
[White "Kaiser, Dominik"]
[Black "Gerntke, Oliver"]
[Result "0-1"]
[Termination "normal"]
[Board "6.2"]
[WhiteElo "1732"]
[BlackElo "1910"]
[WhiteTeam "TSV Kareth-Lappersdorf"]
[BlackTeam "SC 1911 Großröhrsdorf"]
[PlyCount "72"]
[WhiteFideId "1270967"]
[BlackFideId "24647977"]
[EventCountry "GER"]
[EventRounds "7"]
[EventType "team-swiss"]
[EventDate "2010.12.26"]

1. e4 e6 2. d4 d5 3. exd5 exd5 4. Bd3 Bd6 5. Nf3 Nf6 6. O-O O-O 7. Re1 Bg4 8.
h3 Bh5 9. c3 c6 10. Nbd2 Qc7 11. Qc2 Bg6 12. Bxg6 hxg6 13. Ne5 Nbd7 14. Ndf3
Ne4 15. Bf4 Rfe8 16. g3 c5 17. Rac1 Rac8 18. Qd1 c4 19. Kg2 Nf8 20. Nd2 f6 21.
Nxe4 dxe4 22. Rxe4 fxe5 23. dxe5 Qc6 24. f3 Be7 25. h4 Ne6 26. Be3 a6 27. Rg4
b5 28. Qc2 Nf8 29. Rh1 Bc5 30. Bf4 Rcd8 31. h5 Rd3 32. Qe2 gxh5 33. Rxh5 Ng6
34. Bc1 Rxe5 35. Rxe5 Nxe5 36. Re4 Rxf3 0-1

[Event "DVM U16 2010"]
[Site "Naumburg (Saale) GER"]
[Date "2010.12.27"]
[Round "1"]
[White "Plaettner, Stefan"]
[Black "Zwetz, Jasmin"]
[Result "1-0"]
[Termination "normal"]
[Board "6.3"]
[WhiteElo "1805"]
[BlackElo "1569"]
[WhiteTeam "SC 1911 Großröhrsdorf"]
[BlackTeam "TSV Kareth-Lappersdorf"]
[PlyCount "83"]
[WhiteFideId "1270618"]
[BlackFideId "12927783"]
[EventCountry "GER"]
[EventRounds "7"]
[EventType "team-swiss"]
[EventDate "2010.12.26"]

1. e4 e6 2. d3 d5 3. Nd2 c5 4. Ngf3 Nc6 5. g3 Bd6 6. Bg2 Nge7 7. O-O O-O 8. Re1
f6 9. c3 Qc7 10. Qc2 b5 11. Nf1 a5 12. Be3 b4 13. N1d2 a4 14. d4 cxd4 15. cxd4
Bb7 16. Rac1 Qd7 17. Bh3 Rfe8 18. Qb1 Nd8 19. e5 fxe5 20. dxe5 Bc7 21. Ng5 g6
22. Ndf3 h6 23. Nxe6 Nxe6 24. Nd4 Ra6 25. Bxh6 Nf5 26. Nxf5 gxf5 27. Qxf5 Qf7
28. Qg4+ Kh7 29. Bd2 b3 30. Qh4+ Kg8 31. axb3 axb3 32. Rc3 Bb6 33. Qg4+ Kh8 34.
Rf3 Qh7 35. Bf1 Rg8 36. Qb4 Nd4 37. Rc3 Ba5 38. Qxd4 Bxc3 39. Bxc3 Re6 40. Bg2
Rd8 41. h4 Rg6 42. Be4 1-0

[Event "DVM U16 2010"]
[Site "Naumburg (Saale) GER"]
[Date "2010.12.27"]
[Round "1"]
[White "Wild, Michael"]
[Black "Schneider, Carsten"]
[Result "1/2-1/2"]
[Termination "normal"]
[Board "6.4"]
[WhiteElo "1200"]
[BlackElo "1512"]
[WhiteTeam "TSV Kareth-Lappersdorf"]
[BlackTeam "SC 1911 Großröhrsdorf"]
[PlyCount "35"]
[EventCountry "GER"]
[EventRounds "7"]
[EventType "team-swiss"]
[EventDate "2010.12.26"]

1. e4 c5 2. d4 cxd4 3. c3 Nc6 4. cxd4 e6 5. Nf3 Bb4+ 6. Bd2 Bxd2+ 7. Nbxd2 Nge7
8. Bb5 O-O 9. O-O d6 10. Nb3 a6 11. Bd3 b5 12. Ng5 h6 13. Nf3 Bb7 14. Qe2 Rc8
15. e5 Nd5 16. Qe4 f5 17. exf6 Qxf6 18. Rfe1 1/2-1/2